| 000 | 00605nam a22001817a 4500 | ||
|---|---|---|---|
| 999 |
_c189350 _d189350 |
||
| 005 | 20220624110809.0 | ||
| 010 | _aENG-133377 | ||
| 020 |
_a9789350536551 _c1500.00 |
||
| 035 | _aEN-116909 | ||
| 037 | _bDBAD/PUB | ||
| 082 | _a543 | ||
| 100 | _aGondaliya, Manish V. | ||
| 245 |
_aAnalytical Chemistry: _bApplication Theory and Instrumentation/ _cManish V. Gondaliya |
||
| 260 |
_aNew Delhi _bCyber Tech Publications _c2018 |
||
| 270 |
_a4264/3, Ansari Road, Darya Ganj _bNew Delhi _e110002 _mcybertechpublications@gmail.com |
||
| 300 |
_a224p. _c23cm(hbk) |
||
| 942 |
_2ddc _cEN _h543 _mGON |
||